Пьесы : (Record no. 139473)
[ view plain ]
| 000 -LEADER | |
|---|---|
| fixed length control field | 01078nam a2200241 a 4500 |
| 001 - CONTROL NUMBER | |
| control field | 000364759 |
| 003 - CONTROL NUMBER IDENTIFIER | |
| control field | AM-YeHGA |
| 005 - DATE AND TIME OF LATEST TRANSACTION | |
| control field | 20250618072245.0 |
| 008 - FIXED-LENGTH DATA ELEMENTS--GENERAL INFORMATION | |
| fixed length control field | 040223s1981 ai |||||r|||||||||0|rus|d |
| 040 ## - CATALOGING SOURCE | |
| Original cataloging agency | AM-YeHGA |
| 041 1# - LANGUAGE CODE | |
| Language code of text/sound track or separate title | rus |
| Language code of original | arm |
| 090 ## - LOCALLY ASSIGNED LC-TYPE CALL NUMBER (OCLC); LOCAL CALL NUMBER (RLIN) | |
| -- | 140851 |
| 100 1# - MAIN ENTRY--PERSONAL NAME | |
| Personal name | Զեյթունցյան, Պերճ Արմենակի, |
| Dates associated with a name | 1938-2017 |
| 9 (RLIN) | 9289 |
| 245 10 - TITLE STATEMENT | |
| Title | Пьесы : |
| Remainder of title | Самый грустный человек. Легенда о разрушенном городе. Боги взывают / |
| Statement of responsibility, etc. | П. Зейтунцян ; Пер. Н. Гончар, Э. Радзинского. |
| 260 ## - PUBLICATION, DISTRIBUTION, ETC. | |
| Place of publication, distribution, etc. | Ереван : |
| Name of publisher, distributor, etc. | Советакан грох, |
| Date of publication, distribution, etc. | 1981. |
| 650 14 - SUBJECT ADDED ENTRY--TOPICAL TERM | |
| Topical term or geographic name entry element | Армянская литература |
| General subdivision | Пьесы |
| 700 1# - ADDED ENTRY--PERSONAL NAME | |
| Personal name | Գոնչար, Նատալյա Ալեքսանդրի, |
| Dates associated with a name | 1937- |
| Relationship | trl |
| 9 (RLIN) | 2547 |
| 700 1# - ADDED ENTRY--PERSONAL NAME | |
| Personal name | Радзинский, Эдвард Станиславович |
| Dates associated with a name | 1936- |
| Relationship | trl |
| 740 0# - ADDED ENTRY--UNCONTROLLED RELATED/ANALYTICAL TITLE | |
| Uncontrolled related/analytical title | Самый грустный человек |
| 740 0# - ADDED ENTRY--UNCONTROLLED RELATED/ANALYTICAL TITLE | |
| Uncontrolled related/analytical title | Легенда о разрушенном городе |
| 740 0# - ADDED ENTRY--UNCONTROLLED RELATED/ANALYTICAL TITLE | |
| Uncontrolled related/analytical title | Боги взывают |
| 942 ## - ADDED ENTRY ELEMENTS (KOHA) | |
| Source of classification or shelving scheme | Universal Decimal Classification |
| Koha item type | Գրքեր / Books |
| Withdrawn status | Lost status | Damaged status | Not for loan | Collection | Home library | Current library | Date acquired | Total checkouts | Full call number | Barcode | Date last seen | Price effective from | Koha item type | Public note |
|---|---|---|---|---|---|---|---|---|---|---|---|---|---|---|
| General | Fundamental Scientific Library | Fundamental Scientific Library | 22/12/2016 | PII/470734 | FL0300831 | 22/12/2016 | 22/12/2016 | Գրքեր / Books | 30 Days Loan | |||||
| General | Fundamental Scientific Library | Fundamental Scientific Library | 22/12/2016 | PII/477451 | FL0289040 | 22/12/2016 | 22/12/2016 | Գրքեր / Books | 30 Days Loan |
ՀՀ Գիտությունների ազգային ակադեմիայի հիմնարար գիտական գրադարան = Fundamental Scientific Library of NAS RA
All site content, except where otherwise noted, is licensed under a